LEADER 01206nam a2200301 i 4500 001 000000153604 003 CaOOAMICUS 005 20060928000000.0 008 060928s1985 it u000 u ita u 013 $a130947 020 $a88-420-2547-X 040 $aSeMil$bita 100 1 $aFinley, Moses Israel,$d<1912-1986>.$0(OLS)http://semarc/name/5208 240 10$aPolitics in the Ancient World.$0(OLS)http://semarc/title/224768 245 13$aLa politica nel mondo antico /$cMoses I. Finley. 260 $aRoma ; Bari :$bLaterza,$c1985. 300 $aVIII, 227 p. ;$c21 cm. 490 0 $aStoria e società 500 $aContiene : Bibliografia. - Fondo Ciprandi. 650 4$aPolitica - Storia - Antichità.$0(OLS)http://semarc/subject/24274 830 0$aStoria e società.$0(OLS)http://semarc/title/2818 850 $aSeMil 852 $aSeMil$W1$xVenegono$y1$m3S III 18$j105527$B105527$CSeMilBibl$Z2$F116248 $81 941 1 $a1 961 $aOmaggio: Ciprandi dott. Paolo 996 $6020$a88-420-2547-X$9(OLS)http://semarc/number/143450 996 $6245$aLa politica nel mondo antico$9(OLS)http://semarc/title/224767 996 $6260$aRoma ; Bari :$bLaterza$9(OLS)http://semarc/publisher/30305 LEADER 01290nam a2200241 i 4500 001 000000010994 003 CaOOAMICUS 005 20251210144958.0 008 180830s1928 it u000 u ita u 040 $aSeMil$bita 100 1 $aStrack, Hermann Leberecht$b<1848-1922>.$0(OLS)http://semarc/name/5318 245 10$aExkurse zu einzelnen Stellen des Neuen Testaments :$bAbhandlungen zur Neutestamentlichen Theologie und Archäologie /$cvon Hermann L. Strack und Paul Billerberck. 260 $aMünchen :$bBeck,$c1928. 300 $a2 v. ;$c25 cm. 650 4$aBibbia - Archeologia.$0(OLS)http://semarc/subject/3434 650 4$aBibbia. Nuovo Testamento - Commentari, studi, critica, interpretazioni.$0(OLS)http://semarc/subject/184 700 1 $aBillerberck, Paul.$0(OLS)http://semarc/name/5319 773 0 $aStrack, Hermann Leberecht <1848-1922>$tKommentar zum Neuen Testament aus Talmud und Midrasch.$dMünchen : C. H. Beck, 1922-$g4$w()10976 774 0 $t1. Teil.$g1$w()122768 774 0 $t2. Teil.$g2$w()122770 996 $6245$aExkurse zu einzelnen Stellen des Neuen Testaments :$bAbhandlungen zur Neutestamentlichen Theologie und Archäologie$9(OLS)http://semarc/title/14530 996 $6260$aMünchen :$bBeck$9(OLS)http://semarc/publisher/31795